000 02580cam a2200325 4500500
005 20260222004055.0
041 _afre
042 _adc
100 1 0 _aSoucheyre Nassih, Stéphanie
_eauthor
700 1 0 _aEscorcia, Dyanne
_eauthor
700 1 0 _aToczek, Marie-Christine
_eauthor
245 0 0 _aUn enseignement basé sur l’apprentissage autorégulé
260 _c2025.
500 _a80
520 _aLe but de cette recherche exploratoire est d’étudier les effets d’un enseignement fondé sur l’apprentissage autorégulé à la fois sur les performances et la motivation auprès d’élèves de 5-6 ans scolarisés en grande section maternelle. Cet enseignement est conçu sur le modèle de l’enseignement explicite de stratégies cognitives et métacognitives, facilitant ainsi les processus motivationnels. Le dispositif mis en œuvre dans deux classes permet de comparer deux modalités : des élèves bénéficiant d’un enseignement à l’apprentissage autorégulé et des élèves n’en bénéficiant pas. Pour mettre en place notre démarche nous avons mobilisé des indicateurs de performance et de motivation. Les résultats montrent des améliorations significatives sur les premiers et encourageants sur les seconds.
520 _aThe aim of this exploratory research is to study the effects of teaching aimed at developing self-regulated learning on problem solving performance and motivation with 5-6-year-old pupils in first year of primary school. This teaching is based on the model of explicit teaching of cognitive and metacognitive strategies, along with conditions that facilitate motivational processes. The system implemented in two classes allows us to compare two modalities : pupils benefiting from teaching self-regulated learning and pupils not benefiting from it. To implement our approach, we used performance and motivation indicators. The results show significant improvements on the former and encouraging improvements on the latter.
690 _aapprentissage autorégulé
690 _aclasse maternelle
690 _amétacognition
690 _amotivation
690 _aperformances
690 _achild aged 5-6
690 _ametacognition
690 _amotivation
690 _aperformances
690 _aself-regulated learning
690 _ateaching method
786 0 _nSpirale - Revue de recherches en éducation | Varia | E3 | 2025-11-14 | p. 39-59 | 0994-3722
856 4 1 _uhttps://shs.cairn.info/revue-spirale-revue-de-recherches-en-education-2025-3-page-39?lang=fr&redirect-ssocas=7080
999 _c1668019
_d1668019